Normal view MARC view
  • Fiction

Entry Genre/Form Term

Number of records used in: 1

001 - CONTROL NUMBER

  • control field: 90310

003 - CONTROL NUMBER IDENTIFIER

  • control field: NUST

005 - DATE AND TIME OF LATEST TRANSACTION

  • control field: 20220306104356.0

008 - FIXED-LENGTH DATA ELEMENTS

  • fixed length control field: 220306|| aca||aabn | a|a d

040 ## - CATALOGING SOURCE

  • Original cataloging agency: NUST
  • Transcribing agency: NUST

155 ## - HEADING--GENRE/FORM TERM

  • Genre/form term: Fiction

670 ## - SOURCE DATA FOUND

  • Source citation: Work cat.: (NUST)0: Daly, Paula., author. 90301, Just what kind of mother are you? /
© 2023 Central Library, National University of Sciences and Technology. All Rights Reserved.